| 000 | 01004nac a22003017a 4500 | ||
|---|---|---|---|
| 001 | BR7803716 | ||
| 003 | BR-BrBNA | ||
| 005 | 20240105114240.0 | ||
| 008 | 230509b bl.|||m| |||| 00| 0 por d | ||
| 040 |
_aBR-BrBNA _bpor _cBiblioteca Nacional de Agricultura |
||
| 072 | _aE30; E15 | ||
| 090 | _aE30 BR7803716 | ||
| 110 | 1 |
_aInstituto de Desenvolvimento de Pernambuco, Recife (Brasil) _96009 |
|
| 245 | 1 | _aDesempenho da economia de Pernambuco-1977 [Projeto agricola; Projeto pecuario; Custo de producao; Credito rural; Brasil] | |
| 260 | 3 |
_aRecife, PE (Brasil): _c1978. |
|
| 300 | _a70 p. | ||
| 490 |
_aDesempenho da Economia de Pernambuco (Brazil) _vno. 2 _x |
||
| 500 | _a42 tables; 24 ref. | ||
| 650 | _aDesenvolvimento economico | ||
| 650 | _aMicroeconomia | ||
| 650 | _aProjeto agricola | ||
| 650 | _aProjeto pecuario | ||
| 650 | _aCredito rural | ||
| 650 | _aEconomia agricola | ||
| 650 | _aPERNAMBUCO | ||
| 909 |
_a202312 _bLúcia Elande _c55 _dLúcia Elande |
||
| 942 |
_2AGRIS _n0 _cMS |
||
| 999 |
_c268251 _d268251 |
||